00561nam a2200217Ia 4500008004100000020001800041050001700059050001400076100001700090245002900107245006100136245001600197260001300213260002400226260000900250300001600259300001100275500002000286650002500306650001200331180523s9999 xx 000 0 und d a0-572-03191-2 aMAIN HF 5386 b.J64 2006 aJohn, Larry. 0aThink rich to get rich : 4bthe four golden rules for being successful in business / 0cLarry john. aLondon : bArcturus Pub. Ltd., c2006 a128 pages : c15 cm. aIncludes index. aSuccess in business. xWealth.